000 00260nam a2200097Ia 4500
008 200302s9999 xx 000 0 und d
100 _aChintaman Hari Khadilkar
245 _aThe Art of Designing Part 1
260 _bPrabhawati Chintaman Khadilkar
300 _a102 P.,
999 _c237
_d237